| 000 | 00644nam a2200181 i 4500 | ||
|---|---|---|---|
| 001 | 132452 | ||
| 003 | ES-MaACL | ||
| 005 | 20250923161110.0 | ||
| 007 | t| | ||
| 008 | 070214s1902 sp r ||||1| spa d | ||
| 100 | 1 |
_aRomero Landa, Gabriel Arturo. _999401 |
|
| 245 | 1 | 3 |
_aLa gran obra del farmaceutico _b: (ensayo sociológico) / _cpor Gabriel A. Romero Landa ; prólogo del Excmo. Sr. D. Eduardo Sanz y Escartín. |
| 260 |
_aMadrid : _b[s. n.], _c1902 ( _fImp. y Lit. de J. Corrales) |
||
| 300 |
_a144 p. ; _c17 cm. |
||
| 700 | 1 |
_aSanz y Escartín, Eduardo, _d1855-1939 _9103695 |
|
| 852 |
_aES-MaACL _jT-999-F-5 |
||
| 999 |
_c132452 _d132452 |
||